Technická a emisná kontrola automobilov a hry proti prírode
Hry proti prírode. Vymedzenie problematiky v oblasti technickej kontroly automobilov. Aplikácia hier proti prírode. Odporúčania podľa jednotlivých princípov na riešenie hier proti prírode.
Na minha lista:
| Autor principal: | |
|---|---|
| Outros Autores: | |
| Formato: | Capítulo de Livro |
| Idioma: | eslovaco |
| Assuntos: | |
| Tags: |
Sem tags, seja o primeiro a adicionar uma tag!
|
MARC
| LEADER | 00000nla a2200000 4500 | ||
|---|---|---|---|
| 001 | 0241966 | ||
| 005 | 20240502073934.9 | ||
| 041 | 0 | |a slo | |
| 044 | |a SK | ||
| 245 | 1 | 0 | |a Technická a emisná kontrola automobilov a hry proti prírode |c Zuzana Čičková, Nikola Blažeková |
| 520 | |a Hry proti prírode. Vymedzenie problematiky v oblasti technickej kontroly automobilov. Aplikácia hier proti prírode. Odporúčania podľa jednotlivých princípov na riešenie hier proti prírode. | ||
| 610 | 2 | 0 | |a teória hier |
| 610 | 2 | 0 | |a automobily osobné |
| 610 | 2 | 0 | |a kontrola technická |
| 610 | 2 | 0 | |a náklady |
| 610 | 2 | 0 | |a opravy |
| 100 | 1 | |a Čičková, Zuzana, 1978- | |
| 700 | 1 | |a Blažeková, Nikola | |